Innovation Potential - Indicators for SME
Gespeichert in:
| 1. Verfasser: | |
|---|---|
| Format: | Buchkapitel |
| Sprache: | Englisch |
| Tags: |
Keine Tags, Fügen Sie das erste Tag hinzu!
|
MARC
| LEADER | 00000naa$a2200000$$$4500 | ||
|---|---|---|---|
| 001 | 0204667 | ||
| 005 | 20240502083514.3 | ||
| 041 | 0 | |a eng | |
| 044 | |a PL | ||
| 245 | 1 | 0 | |a Innovation Potential - Indicators for SME |c Martin Mizla |
| 500 | |a Abstrakt | ||
| 100 | 1 | |a Mizla, Martin, 1955- | |